[Event "Madrid-ch final"]
[Site "Madrid"]
[Date "2020.07.18"]
[Round "1"]
[White "Khudov, Oleksandr"]
[Black "Cujba, Anca Claudia"]
[Result "1-0"]
[WhiteElo "2207"]
[BlackElo "1673"]
[PlyCount "97"]
[EventDate "2020.07.18"]
[EventType "swiss"]
[EventRounds "7"]
[EventCountry "ESP"]
[SourceTitle "EXT 2021"]
[Source "ChessBase"]
[SourceDate "2020.10.23"]
[SourceVersion "1"]
[SourceVersionDate "2020.10.23"]
[SourceQuality "1"]

1. d4 Nf6 2. Bf4 g6 3. e3 Bg7 4. Nf3 d6 5. h3 b6 6. Be2 Bb7 7. 0-0 0-0 8. c3 Nbd7 9. Nbd2 e6 10. a4 a5 11. Nc4 Qe7 12. Bh2 Ne4 13. Qc2 h5 14. Rfd1 Ng5 15. Nxg5 Qxg5 16. Bf1 h4 17. b4 Nf6 18. bxa5 bxa5 19. Bf4 Qd5 20. Nd2 Nh7 21. e4 Qh5 22. Be3 g5 23. f3 Bc6 24. Bd3 Rfb8 25. Rdb1 Nf8 26. Rxb8 Rxb8 27. Nc4 Ba8 28. Nxa5 g4 29. Nc4 gxh3 30. gxh3 Qxf3 31. Qg2 Qxg2+ 32. Kxg2 f5 33. Nd2 Rb2 34. Kf3 Ng6 35. Rb1 fxe4+ 36. Nxe4 Rxb1 37. Bxb1 e5 38. a5 Kf8 39. d5 Bb7 40. Kg4 Ke7 41. Kh5 Kf7 42. Ng5+ Kf6 43. Ne6 c5 44. Bg5+ Kf7 45. Nd8+ Kf8 46. Kxg6 Bh8 47. Nxb7 e4 48. Nxd6 Bxc3 49. Nxe4 1-0

[Event "Madrid-chT 1920 Honor"]
[Site "Madrid"]
[Date "2020.02.16"]
[Round "9.3"]
[White "Khudov, Oleksandr"]
[Black "Plazuelo Pascual, Juan"]
[Result "1/2-1/2"]
[WhiteElo "2187"]
[BlackElo "2444"]
[PlyCount "114"]
[EventDate "2019.11.24"]
[EventType "team-tourn"]
[EventRounds "12"]
[EventCountry "ESP"]
[SourceTitle "EXT 2021"]
[Source "ChessBase"]
[SourceDate "2020.10.23"]
[SourceVersion "1"]
[SourceVersionDate "2020.10.23"]
[SourceQuality "1"]
[WhiteTeam "Getafe"]
[BlackTeam "Virgen de Atocha"]
[WhiteTeamCountry "ESP"]
[BlackTeamCountry "ESP"]

1. d4 Nf6 2. Bf4 d5 3. e3 c5 4. c3 Nc6 5. Nf3 Nh5 6. Bg5 h6 7. Bh4 g5 8. Bg3 Nxg3 9. hxg3 e6 10. g4 Bg7 11. Be2 Qe7 12. Qb3 Bd7 13. Nbd2 Rb8 14. a4 b6 15. Qa3 f6 16. 0-0 Kf7 17. e4 dxe4 18. Nxe4 cxd4 19. Nd6+ Kg8 20. cxd4 Bf8 21. Nb5 Qxa3 22. bxa3 Rc8 23. Rad1 a6 24. Nc3 Nb8 25. Ne4 Be7 26. Rb1 Bd8 27. a5 b5 28. a4 Kg7 29. axb5 axb5 30. Bxb5 Bxa5 31. Nc5 Bxb5 32. Rxb5 Nc6 33. Nxe6+ Kf7 34. d5 Bc3 35. Rc1 Ne7 36. Rb7 f5 37. Nfd4 Bxd4 38. Rxc8 Bxf2+ 39. Kxf2 Rxc8 40. Nd4 Kf6 41. d6 Ke5 42. Rxe7+ Kxd4 43. gxf5 Rd8 44. Re6 h5 45. g4 h4 46. Kf3 Kd5 47. Rg6 Rxd6 48. Rxg5 Ke5 49. Rh5 Rd3+ 50. Ke2 Ra3 51. Rxh4 Ra4 52. Kd3 Rd4+ 53. Kc3 Rf4 54. Kd3 Rd4+ 55. Kc2 Rc4+ 56. Kb3 Rf4 57. Kc3 Kd5 1/2-1/2

[Event "Madrid-chT 1920 Honor"]
[Site "Madrid"]
[Date "2020.02.08"]
[Round "8.1"]
[White "Taboas Rodriguez, Daniel"]
[Black "Khudov, Oleksandr"]
[Result "1/2-1/2"]
[WhiteElo "2350"]
[BlackElo "2187"]
[PlyCount "99"]
[EventDate "2019.11.24"]
[EventType "team-tourn"]
[EventRounds "12"]
[EventCountry "ESP"]
[SourceTitle "EXT 2021"]
[Source "ChessBase"]
[SourceDate "2020.10.23"]
[SourceVersion "1"]
[SourceVersionDate "2020.10.23"]
[SourceQuality "1"]
[WhiteTeam "Blanco y Negro"]
[BlackTeam "Getafe"]
[WhiteTeamCountry "ESP"]
[BlackTeamCountry "ESP"]

1. d4 d5 2. Nf3 Nf6 3. c4 dxc4 4. e3 e6 5. Bxc4 a6 6. 0-0 c5 7. b3 Nc6 8. Bb2 cxd4 9. Nxd4 Nxd4 10. Bxd4 Be7 11. Nc3 b5 12. Be2 Bb7 13. Bf3 Bxf3 14. Qxf3 0-0 15. a4 b4 16. Ne4 Nd5 17. Rac1 f5 18. Qg3 Rf7 19. Nc5 Bxc5 20. Rxc5 Rc8 21. Rxc8 Qxc8 22. Qd6 Rc7 23. g3 Rc6 24. Qe5 Qc7 25. Qxc7 Rxc7 26. Kg2 Kf7 27. Kf3 Rc2 28. e4 Nc3 29. exf5 exf5 30. Ke3 Rb2 31. Kd3 Rxb3 32. Kc4 Rb2 33. Bxc3 bxc3 34. Kxc3 Ra2 35. Kb3 Re2 36. Kb4 f4 37. Ka5 f3 38. Kxa6 Rb2 39. a5 Kf6 40. Ka7 h5 41. a6 g5 42. Ka8 g4 43. a7 Kf5 44. Ra1 Ke4 45. Ra5 Kd3 46. Rxh5 Ke2 47. h3 Kxf2 48. hxg4 Kxg3 49. g5 Kg4 50. Rh7 1/2-1/2

[Event "Madrid-chT 1920 Honor"]
[Site "Madrid"]
[Date "2020.02.02"]
[Round "7.3"]
[White "Khamrakulov, Ibragim S"]
[Black "Khudov, Oleksandr"]
[Result "1-0"]
[WhiteElo "2412"]
[BlackElo "2187"]
[PlyCount "75"]
[EventDate "2019.11.24"]
[EventType "team-tourn"]
[EventRounds "12"]
[EventCountry "ESP"]
[SourceTitle "EXT 2021"]
[Source "ChessBase"]
[SourceDate "2020.10.23"]
[SourceVersion "1"]
[SourceVersionDate "2020.10.23"]
[SourceQuality "1"]
[WhiteTeam "Villalba 64"]
[BlackTeam "Getafe"]
[WhiteTeamCountry "ESP"]
[BlackTeamCountry "ESP"]

1. e4 e6 2. d4 d5 3. Nd2 c5 4. Ngf3 Nc6 5. exd5 Qxd5 6. Bc4 Qd8 7. Nb3 cxd4 8. Nbxd4 Nxd4 9. Nxd4 a6 10. 0-0 Nf6 11. c3 Qc7 12. Bb3 Bd6 13. h3 0-0 14. Bg5 e5 15. Bxf6 gxf6 16. Nc2 Kh8 17. Ne3 Be6 18. Bc2 Rg8 19. Qh5 Rg7 20. Nf5 Bxf5 21. Qxf5 Qe7 22. Rad1 Rag8 23. Be4 Bc5 24. b4 Bb6 25. Rd7 Qe6 26. g4 Qxf5 27. Bxf5 Rb8 28. Rfd1 a5 29. R1d6 Ba7 30. bxa5 Bc5 31. Rd5 b6 32. a6 h5 33. Rd8+ Rg8 34. Rxb8 Rxb8 35. Rxc5 bxc5 36. Be4 Rb2 37. a4 Ra2 38. Bc6 1-0

[Event "Collado Villalba op-A 36th"]
[Site "Collado Villalba"]
[Date "2019.08.27"]
[Round "5"]
[White "Longa Yauca, Javier"]
[Black "Khudov, Oleksandr"]
[Result "1-0"]
[WhiteElo "2239"]
[BlackElo "2125"]
[PlyCount "135"]
[EventDate "2019.08.23"]
[EventType "swiss"]
[EventRounds "9"]
[EventCountry "ESP"]
[SourceTitle "CBM 192 Extra"]
[Source "Chessbase"]
[SourceDate "2019.11.06"]
[SourceVersion "1"]
[SourceVersionDate "2019.11.06"]
[SourceQuality "1"]

1. d4 d5 2. c4 c6 3. Nc3 Nf6 4. e3 a6 5. a4 Bf5 6. a5 e6 7. Qb3 Qc7 8. f4 Nbd7 9. Nf3 Be7 10. c5 Ne4 11. Be2 0-0 12. 0-0 Rae8 13. Nxe4 Bxe4 14. Nd2 Bg6 15. g4 f6 16. f5 Bf7 17. Qc2 e5 18. Rf2 g6 19. Nf1 Kg7 20. Ng3 e4 21. Rg2 Rh8 22. Bd2 Reg8 23. Rf1 Kf8 24. Be1 Ke8 25. Qc3 Bd8 26. Bd1 Rg7 27. Kh1 Nf8 28. Qc2 Qe7 29. b4 Rhg8 30. Rfg1 Qd7 31. Qf2 Qe7 32. Qf4 Bc7 33. Qf1 Kd8 34. Be2 Be8 35. h4 Bd7 36. h5 gxf5 37. Nxf5 Bxf5 38. gxf5 Rg5 39. Rxg5 fxg5 40. f6 Qf7 41. Qf5 h6 42. Bg4 Nd7 43. Rf1 Rf8 44. Kg2 Ke8 45. Bg3 Bxg3 46. Kxg3 Kd8 47. Kh3 Rg8 48. Qf2 Nf8 49. Qg3 Qc7 50. Qd6+ Qxd6 51. cxd6 Rh8 52. Bf5 Ke8 53. Bc8 Rh7 54. Bf5 Rh8 55. Kg4 Kf7 56. d7 Nxd7 57. Bxd7 Rd8 58. Bf5 Kxf6 59. Bc8+ Ke7 60. Bxb7 Rb8 61. Bxc6 Rxb4 62. Bxd5 Ra4 63. Rf7+ Kd6 64. Bxe4 Rxa5 65. Rf6+ Ke7 66. Rxh6 Ra3 67. Kf3 g4+ 68. Kf4 1-0

[Event "Collado Villalba op-A 36th"]
[Site "Collado Villalba"]
[Date "2019.08.26"]
[Round "4"]
[White "Khudov, Oleksandr"]
[Black "Renteria Becerra, Jorge Elicer"]
[Result "1-0"]
[WhiteElo "2125"]
[BlackElo "2286"]
[PlyCount "121"]
[EventDate "2019.08.23"]
[EventType "swiss"]
[EventRounds "9"]
[EventCountry "ESP"]
[SourceTitle "CBM 192 Extra"]
[Source "Chessbase"]
[SourceDate "2019.11.06"]
[SourceVersion "1"]
[SourceVersionDate "2019.11.06"]
[SourceQuality "1"]

1. d4 b6 2. Bf4 Bb7 3. e3 e6 4. Nf3 f5 5. Bd3 Nf6 6. Nbd2 g6 7. 0-0 Bg7 8. h3 0-0 9. Re1 d6 10. c3 h6 11. Qc2 g5 12. Bh2 g4 13. hxg4 Nxg4 14. Bg3 Nd7 15. Qb3 Qf6 16. Nh4 d5 17. Nhf3 c6 18. a4 a6 19. Be2 h5 20. c4 Bh6 21. a5 b5 22. cxd5 exd5 23. Bh4 Qg7 24. g3 Rae8 25. Bf1 Ndf6 26. Bxf6 Rxf6 27. Bg2 Kh8 28. Qd3 Re4 29. Nf1 Bc8 30. Nh4 Re8 31. f4 Bd7 32. Bh3 Rg8 33. Rac1 Qe7 34. Rc2 Rf7 35. Rg2 Qb4 36. Qd2 Bf8 37. Qxb4 Bxb4 38. Ra1 Re7 39. Bxg4 hxg4 40. Rc2 Rh7 41. Ng2 Kg7 42. Ne1 Rgh8 43. Rh2 Rxh2 44. Nxh2 Bd6 45. Nd3 b4 46. Nf1 Rb8 47. Nd2 b3 48. Rc1 Bc7 49. Nc5 Bxa5 50. Ndxb3 Bd8 51. Ra1 Bc8 52. Ra2 Kf7 53. Kf1 Ke7 54. Ke1 Kd6 55. Kd2 Rb4 56. Ra3 Rb8 57. Ra1 a5 58. Kc3 Ra8 59. Rh1 Kc7 60. Rh7+ Kb6 61. Na4+ 1-0

[Event "Collado Villalba op-A 36th"]
[Site "Collado Villalba"]
[Date "2019.08.23"]
[Round "1"]
[White "Garcia Galeote, Lorenzo"]
[Black "Khudov, Oleksandr"]
[Result "0-1"]
[WhiteElo "1849"]
[BlackElo "2125"]
[PlyCount "140"]
[EventDate "2019.08.23"]
[EventType "swiss"]
[EventRounds "9"]
[EventCountry "ESP"]
[SourceTitle "CBM 192 Extra"]
[Source "Chessbase"]
[SourceDate "2019.11.06"]
[SourceVersion "1"]
[SourceVersionDate "2019.11.06"]
[SourceQuality "1"]

1. d4 d5 2. Nf3 Nf6 3. e3 c6 4. Nbd2 Bf5 5. Nh4 Bg4 6. Be2 Bxe2 7. Qxe2 e6 8. 0-0 Nbd7 9. Nhf3 Ne4 10. Nxe4 dxe4 11. Nd2 Nf6 12. f3 exf3 13. Qxf3 Be7 14. b3 Qd5 15. Bb2 Qxf3 16. Rxf3 0-0 17. a4 Rad8 18. Nc4 Ne4 19. Ne5 f5 20. Nd3 Rfe8 21. Rff1 Bf6 22. Rad1 Rd7 23. Nf2 Nxf2 24. Kxf2 c5 25. Rd3 Rc8 26. c4 Rcd8 27. Rfd1 Kf7 28. Ke2 a6 29. Bc3 Be7 30. Ba5 Rc8 31. d5 e5 32. Bb6 e4 33. R3d2 Bd6 34. g3 g5 35. Rf1 Kg6 36. Kd1 h5 37. Rdf2 Rf7 38. Ba5 Rh8 39. Bc3 Rhh7 40. Rg2 h4 41. Be1 h3 42. Rb2 Rc7 43. Ba5 Rc8 44. Rbf2 Rf7 45. Rg1 Rcf8 46. Bb6 Kh5 47. Rb2 Kg4 48. Ke2 Rc8 49. Ba5 Rd7 50. Bc3 Bf8 51. Rgb1 Bd6 52. Rg1 b6 53. Rbb1 Rb7 54. Kd2 b5 55. axb5 axb5 56. Ra1 Rcb8 57. Kc2 Rb6 58. Bd2 bxc4 59. bxc4 Rb2+ 60. Kd1 Be5 61. Re1 Rxd2+ 62. Kxd2 Rb2+ 63. Kd1 Rxh2 64. Ra7 Bxg3 65. Re2 Rh1+ 66. Kd2 h2 67. Rh7 Ra1 68. Kc3 h1Q 69. Rxh1 Rxh1 70. Ra2 Rd1 0-1

[Event "Collado Villalba 64 op 7th"]
[Site "Collado Villalba"]
[Date "2019.08.03"]
[Round "8"]
[White "Khudov, Oleksandr"]
[Black "Fernandez Lledo, Javier"]
[Result "1/2-1/2"]
[WhiteElo "2091"]
[BlackElo "2253"]
[PlyCount "80"]
[EventDate "2019.07.29"]
[EventType "swiss"]
[EventRounds "9"]
[EventCountry "ESP"]
[SourceTitle "CBM 195 Extra"]
[Source "ChessBase"]
[SourceDate "2020.05.31"]
[SourceVersion "1"]
[SourceVersionDate "2020.05.31"]
[SourceQuality "1"]

1. d4 Nf6 2. Bf4 g6 3. e3 Bg7 4. Nf3 0-0 5. Be2 d6 6. 0-0 Nh5 7. Bg5 h6 8. Bh4 g5 9. Nfd2 gxh4 10. Bxh5 c5 11. c3 Nc6 12. h3 cxd4 13. exd4 e5 14. dxe5 dxe5 15. Ne4 Qb6 16. Qb3 Be6 17. Qxb6 axb6 18. Na3 Rfd8 19. Rfd1 Bf8 20. Rxd8 Rxd8 21. Rd1 Rxd1+ 22. Bxd1 Bxa2 23. Nf6+ Kg7 24. Nd7 Bxa3 25. bxa3 b5 26. Bf3 f6 27. Nc5 Ne7 28. Nxb7 Bc4 29. Nd6 Bd3 30. Bb7 f5 31. Ba6 e4 32. Bxb5 Kf6 33. c4 Ke5 34. Nf7+ Kd4 35. Nxh6 f4 36. Ng4 Nf5 37. a4 Nd6 38. a5 Nxb5 39. cxb5 Bxb5 40. g3 hxg3 1/2-1/2

[Event "Collado Villalba 64 op 7th"]
[Site "Collado Villalba"]
[Date "2019.07.29"]
[Round "1"]
[White "Khudov, Oleksandr"]
[Black "Lopez Rodriguez, Guillermo"]
[Result "1-0"]
[WhiteElo "2091"]
[BlackElo "1570"]
[PlyCount "95"]
[EventDate "2019.07.29"]
[EventType "swiss"]
[EventRounds "9"]
[EventCountry "ESP"]
[SourceTitle "CBM 195 Extra"]
[Source "ChessBase"]
[SourceDate "2020.05.31"]
[SourceVersion "1"]
[SourceVersionDate "2020.05.31"]
[SourceQuality "1"]

1. d4 Nf6 2. Bf4 g6 3. e3 d6 4. h3 Bg7 5. Nf3 0-0 6. Be2 c5 7. c3 Qb6 8. Qb3 Be6 9. Qxb6 axb6 10. a3 Bd5 11. Nbd2 Bc6 12. 0-0 Nbd7 13. Bh2 Rfe8 14. Rfd1 e5 15. dxe5 dxe5 16. Nc4 Ne4 17. Nfd2 Nxd2 18. Rxd2 Bf8 19. Rad1 b5 20. Rxd7 bxc4 21. Rc7 Rad8 22. Rxd8 Rxd8 23. Bxe5 Rd2 24. Bxc4 Rd1+ 25. Kh2 Rd7 26. Rxd7 Bxd7 27. Bd5 b5 28. Bf6 Bg7 29. Bxg7 Kxg7 30. Kg3 g5 31. h4 h6 32. hxg5 hxg5 33. Kf3 Bf5 34. Ke2 Kf6 35. Bc6 b4 36. cxb4 cxb4 37. a4 Ke5 38. e4 Bc8 39. Ke3 f6 40. Bb5 Bb7 41. f3 Kd6 42. Kd4 Bc8 43. Kc4 Ke5 44. Kxb4 Kf4 45. Kc5 g4 46. fxg4 Kxe4 47. Bc6+ Kd3 48. b4 1-0

[Event "Barcelona Sant Marti op 21st"]
[Site "Barcelona"]
[Date "2019.07.21"]
[Round "9"]
[White "Vergara Jofre, Felipe Andres"]
[Black "Khudov, Oleksandr"]
[Result "1-0"]
[WhiteElo "2332"]
[BlackElo "2091"]
[PlyCount "55"]
[EventDate "2019.07.13"]
[EventType "swiss"]
[EventRounds "9"]
[EventCountry "ESP"]
[SourceTitle "EXT 2020"]
[Source "ChessBase"]
[SourceDate "2019.10.17"]
[SourceVersion "1"]
[SourceVersionDate "2019.10.17"]
[SourceQuality "1"]

1. e4 e6 2. d4 d5 3. e5 c5 4. c3 Nc6 5. Nf3 Bd7 6. Be2 Nge7 7. 0-0 cxd4 8. cxd4 Nf5 9. Nc3 Rc8 10. Be3 a6 11. Bd3 Nh4 12. Ng5 Be7 13. Qh5 Ng6 14. Nxd5 exd5 15. e6 Bxe6 16. Nxe6 fxe6 17. Bxg6+ Kf8 18. g4 Bf6 19. g5 Bxd4 20. Rad1 Bxe3 21. fxe3+ Ke7 22. Bxh7 Qb6 23. Qf7+ Kd6 24. Qxg7 Ne5 25. Rf6 Qxe3+ 26. Kh1 Qh3 27. Qxb7 Qxh7 28. Rxd5# 1-0

[Event "Barcelona Sant Marti op 21st"]
[Site "Barcelona"]
[Date "2019.07.18"]
[Round "6"]
[White "Tanmay, Jain"]
[Black "Khudov, Oleksandr"]
[Result "0-1"]
[WhiteElo "1837"]
[BlackElo "2091"]
[PlyCount "138"]
[EventDate "2019.07.13"]
[EventType "swiss"]
[EventRounds "9"]
[EventCountry "ESP"]
[SourceTitle "EXT 2020"]
[Source "ChessBase"]
[SourceDate "2019.10.17"]
[SourceVersion "1"]
[SourceVersionDate "2019.10.17"]
[SourceQuality "1"]

1. e4 e6 2. d4 d5 3. Nc3 Nf6 4. Bg5 Bb4 5. e5 h6 6. Bd2 Bxc3 7. bxc3 Ne4 8. Bd3 Nxd2 9. Qxd2 c5 10. Nf3 Nc6 11. 0-0 c4 12. Be2 Bd7 13. Rab1 Qc7 14. Qf4 Ne7 15. Qg4 Rg8 16. Qf4 Ng6 17. Qc1 0-0-0 18. Qa3 Kb8 19. Rfe1 Bc8 20. Bf1 f5 21. Rb5 Ka8 22. Reb1 Ne7 23. Nd2 Nc6 24. Qc5 b6 25. Qa3 Na5 26. g3 Ba6 27. R5b4 g5 28. Bg2 h5 29. Qc1 Rdf8 30. Qd1 Rh8 31. Nf3 Qe7 32. h4 g4 33. Ng5 f4 34. Qd2 f3 35. Bf1 Rf5 36. Qc1 Rxg5 37. hxg5 Qf7 38. Qa3 Qc7 39. R4b2 Bc8 40. g6 Rg8 41. Rb5 Rxg6 42. Qf8 Rg7 43. Rxa5 bxa5 44. Rb5 Rf7 45. Qg8 Rg7 46. Qh8 Rh7 47. Qg8 Rd7 48. Qxe6 Rd8 49. Qh6 h4 50. Qxh4 Qd7 51. Rxa5 Re8 52. Qf6 Qd8 53. Qf7 Bb7 54. Rc5 Re7 55. Qf6 Rd7 56. Qg6 Qf8 57. Qxg4 Rh7 58. Qf4 Rf7 59. Qh4 a6 60. Bh3 Rg7 61. Qh5 Rg8 62. Bg4 Rh8 63. Qf5 Qh6 64. Qxf3 Qh2+ 65. Kf1 Qh6 66. Kg1 Qh2+ 67. Kf1 Qh6 68. e6 Qc1+ 69. Qd1 Rh1+ 0-1

[Event "Barcelona Sant Marti op 21st"]
[Site "Barcelona"]
[Date "2019.07.13"]
[Round "1"]
[White "Perez De Tudela Aznar, Marc"]
[Black "Khudov, Oleksandr"]
[Result "0-1"]
[WhiteElo "1515"]
[BlackElo "2091"]
[PlyCount "58"]
[EventDate "2019.07.13"]
[EventType "swiss"]
[EventRounds "9"]
[EventCountry "ESP"]
[SourceTitle "EXT 2020"]
[Source "ChessBase"]
[SourceDate "2019.10.17"]
[SourceVersion "1"]
[SourceVersionDate "2019.10.17"]
[SourceQuality "1"]

1. c4 c6 2. Nc3 d5 3. d4 Nf6 4. e3 a6 5. Nf3 b5 6. cxd5 cxd5 7. Bd3 Bg4 8. 0-0 e6 9. h3 Bh5 10. a3 Bd6 11. Bd2 0-0 12. Rc1 Nbd7 13. e4 dxe4 14. Nxe4 Be7 15. Ng3 Bg6 16. Bxg6 hxg6 17. Re1 Qb6 18. Bg5 Nd5 19. Bxe7 Nxe7 20. Ne4 Rac8 21. Qd2 Nf6 22. Nc5 Rfd8 23. Qe3 Nf5 24. Qf4 Nxd4 25. Nxd4 Rxc5 26. Nf3 Rdc8 27. b4 Rc2 28. Rxc2 Rxc2 29. Re3 Nd5 0-1

[Event "Madrid Chamartin op 7th"]
[Site "Madrid"]
[Date "2018.09.05"]
[Round "4"]
[White "Longa Yauca, Javier"]
[Black "Khudov, Oleksandr"]
[Result "1-0"]
[WhiteElo "2287"]
[BlackElo "2104"]
[PlyCount "63"]
[EventDate "2018.09.03"]
[EventType "swiss"]
[EventRounds "9"]
[EventCountry "ESP"]
[SourceTitle "CBM 187 Extra"]
[Source "ChessBase"]
[SourceDate "2018.11.04"]
[SourceVersion "1"]
[SourceVersionDate "2018.11.04"]
[SourceQuality "1"]

1. c4 c6 2. d4 d5 3. Nf3 Nf6 4. e3 Bf5 5. Nc3 e6 6. Qb3 Qb6 7. c5 Qc7 8. Qa4 Nbd7 9. b4 Be7 10. Nh4 Bg6 11. Nxg6 hxg6 12. g3 b5 13. cxb6 Qxb6 14. Bd2 0-0 15. Rb1 e5 16. Qc2 exd4 17. Na4 Qc7 18. exd4 Rfe8 19. Be2 Bd6 20. Be3 a5 21. b5 cxb5 22. Qxc7 Bxc7 23. Bxb5 Bd6 24. 0-0 Rec8 25. g4 Rc7 26. g5 Ng4 27. Bxd7 Nxh2 28. Rfc1 Rxd7 29. Nb6 Rad8 30. Nxd7 Rxd7 31. Rc8+ Kh7 32. Kg2 1-0

[Event "Collado Villalba op-A 35th"]
[Site "Collado Villalba"]
[Date "2018.08.31"]
[Round "8"]
[White "Carrasco Coquillat, Alvaro"]
[Black "Khudov, Oleksandr"]
[Result "0-1"]
[WhiteElo "1865"]
[BlackElo "2021"]
[PlyCount "128"]
[EventDate "2018.08.24"]
[EventType "swiss"]
[EventRounds "9"]
[EventCountry "ESP"]
[SourceTitle "CBM 186 Extra"]
[Source "ChessBase"]
[SourceDate "2018.08.24"]
[SourceVersion "1"]
[SourceVersionDate "2018.08.24"]
[SourceQuality "1"]

1. d4 d5 2. c4 dxc4 3. Nf3 Nf6 4. e3 e6 5. Bxc4 c5 6. 0-0 a6 7. Bb3 Nc6 8. Nc3 cxd4 9. exd4 Be7 10. Re1 0-0 11. d5 exd5 12. Nxd5 Nxd5 13. Bxd5 Bf6 14. Bxc6 bxc6 15. Qc2 Bb7 16. Bf4 Re8 17. Rxe8+ Qxe8 18. Re1 Qd8 19. Qb3 Qd7 20. Rd1 Qe7 21. Bd6 Qe2 22. Re1 Qb5 23. Qc2 Qd5 24. Be7 Bxe7 25. Rxe7 c5 26. Qd2 h6 27. Qxd5 Bxd5 28. Rc7 Rb8 29. b3 c4 30. Nd2 cxb3 31. Nxb3 Bxb3 32. axb3 Rxb3 33. g3 Rb6 34. Ra7 h5 35. h4 g6 36. Kg2 Kg7 37. Ra8 Kf6 38. Ra7 Ke6 39. Kf3 f5 40. Ra8 Kd5 41. Ke3 Kc4 42. Kd2 Kb3 43. Kc1 Rc6+ 44. Kb1 Rf6 45. Rb8+ Kc3 46. Rd8 f4 47. gxf4 Rxf4 48. Rd6 Rxh4 49. Rxg6 a5 50. Rg5 a4 51. Ka2 Kd3 52. Ra5 Ke2 53. f4 Kf3 54. f5 Rf4 55. f6 Kg4 56. Ka3 Rxf6 57. Rxa4+ Kg3 58. Ra8 h4 59. Rg8+ Kf2 60. Rh8 Rf4 61. Kb3 Kg3 62. Kc3 h3 63. Kd2 h2 64. Ke2 Rh4 0-1

[Event "Collado Villalba op-B 34th"]
[Site "Collado Villalba"]
[Date "2017.08.24"]
[Round "3"]
[White "Marivela Santos, Juan Carlos"]
[Black "Khudov, Oleksandr"]
[Result "0-1"]
[WhiteElo "1716"]
[BlackElo "1838"]
[PlyCount "60"]
[EventDate "2017.08.22"]
[EventType "swiss"]
[EventRounds "9"]
[EventCountry "ESP"]
[SourceTitle "CBM 180 Extra"]
[Source "ChessBase"]
[SourceDate "2017.10.06"]
[SourceVersion "1"]
[SourceVersionDate "2017.10.06"]
[SourceQuality "1"]

1. c4 c6 2. Nf3 d5 3. b3 Bf5 4. Bb2 e6 5. e3 Nf6 6. Be2 h6 7. 0-0 Bd6 8. d4 0-0 9. Nc3 Nbd7 10. c5 Bc7 11. b4 e5 12. dxe5 Nxe5 13. Nd4 Bd7 14. f4 Neg4 15. Nc2 Re8 16. Bc1 Bf5 17. Bd3 Bxd3 18. Qxd3 Ne4 19. h3 Ngf6 20. Ba3 Ng3 21. Rf3 Nfe4 22. Ne2 Nxe2+ 23. Qxe2 a5 24. Qe1 axb4 25. Qxb4 Qd7 26. Qd4 f6 27. Rff1 Ba5 28. Rfd1 Qe7 29. Rd3 Ng3 30. Kf2 Nf5 0-1

[Event "Barcelona Sant Marti op-B 18th"]
[Site "Barcelona"]
[Date "2016.07.21"]
[Round "9.17"]
[White "Valbuena Castro, Gregorio"]
[Black "Khudov, Oleksandr"]
[Result "0-1"]
[WhiteElo "1724"]
[BlackElo "1847"]
[PlyCount "110"]
[EventDate "2016.07.13"]
[EventType "swiss"]
[EventRounds "9"]
[EventCountry "ESP"]
[SourceTitle "EXT 2024"]
[Source "ChessBase"]
[SourceDate "2023.10.10"]
[SourceVersion "1"]
[SourceVersionDate "2023.10.10"]
[SourceQuality "1"]

1. e4 e6 2. d4 d5 3. e5 c5 4. c3 Nc6 5. Nf3 Bd7 6. dxc5 Bxc5 7. b4 Bb6 8. Be2 Nge7 9. b5 Na5 10. 0-0 Ng6 11. Ba3 Qc7 12. Bd6 Qc8 13. Nd4 Bc5 14. Qa4 Bxd6 15. exd6 b6 16. c4 dxc4 17. Bf3 Qc5 18. Nc6 Ne5 19. Nxe5 Qxe5 20. Na3 Rc8 21. Rad1 0-0 22. Rfe1 Qc5 23. Re4 Rfd8 24. Rh4 g6 25. Be2 Qg5 26. Rg4 Qf5 27. Nxc4 Bxb5 28. Qa3 Bxc4 29. d7 Rc7 30. Rxc4 Nxc4 31. Qe7 Rdxd7 32. Rxd7 Rxd7 33. Qxd7 Ne5 34. Qxa7 Qb1+ 35. Bf1 Qb2 36. h3 Kg7 37. Qc7 b5 38. f4 Qd4+ 39. Kh1 Nc4 40. Be2 Qa1+ 41. Kh2 Qxa2 42. Bxc4 Qxc4 43. Qe5+ f6 44. Qb8 b4 45. Qe8 Qxf4+ 46. Kh1 Qc1+ 47. Kh2 Qc7+ 48. Kh1 Qb7 49. Qxe6 b3 50. Qe1 b2 51. Qb1 Qb3 52. Kh2 Qc3 53. Qd1 Qc1 54. Qd7+ Kh6 55. Qf7 Qf4+ 0-1

[Event "Barcelona Sant Marti op-B 18th"]
[Site "Barcelona"]
[Date "2016.07.20"]
[Round "8.10"]
[White "Khudov, Oleksandr"]
[Black "Costa Trave, Jaume"]
[Result "0-1"]
[WhiteElo "1847"]
[BlackElo "1902"]
[PlyCount "78"]
[EventDate "2016.07.13"]
[EventType "swiss"]
[EventRounds "9"]
[EventCountry "ESP"]
[SourceTitle "EXT 2024"]
[Source "ChessBase"]
[SourceDate "2023.10.10"]
[SourceVersion "1"]
[SourceVersionDate "2023.10.10"]
[SourceQuality "1"]

1. c4 c6 2. d4 d5 3. cxd5 cxd5 4. Bf4 Nc6 5. Nc3 Nf6 6. e3 a6 7. Nf3 e6 8. a3 Bd6 9. Bxd6 Qxd6 10. Bd3 b5 11. 0-0 Na5 12. b4 Nc4 13. Bxc4 dxc4 14. e4 Nd7 15. d5 e5 16. Qc2 0-0 17. a4 Rb8 18. axb5 axb5 19. Qb2 f5 20. Nd2 Nf6 21. f3 Nh5 22. g3 f4 23. g4 Qg6 24. Kf2 Nf6 25. Ke2 Nxg4 26. fxg4 Bxg4+ 27. Ke1 Qh5 28. Rf2 Qh3 29. Nf1 Rfc8 30. Kd2 Qd3+ 31. Kc1 Ra8 32. Rb1 Ra6 33. Qc2 Qh3 34. Kb2 Rca8 35. Nd2 Qe3 36. Nf1 Qd4 37. Qd2 Ra2+ 38. Kc1 Rxd2 39. Rxd2 Qxc3+ 0-1